00462nam a22001697a 450000500170000000800410001702000180005804000210007604100080009708200130010510000310011824500590014925000120020826000400022030000100026065000220027020240518102533.0240518b |||||||| |||| 00| 0 eng d a9789381745236 aIN-DiNCcIN-DiNC deng a306bSAH aSaha, Rebati Mohaneauthor aCultural heritage of the Rabhas/cby Rebati Mohan Saha a1st ed. aKolkata:bAnjali publishers,c2015. a224p. aCulture of Rabhas